Library Information Technology/ (Record no. 192454)

MARC details
000 -LEADER
fixed length control field 00723nam a22001937a 4500
005 - DATE AND TIME OF LATEST TRANSACTION
control field 20220922114024.0
010 ## - LCCN (DPL NO)
LC control number ENG-135181
020 ## - INTERNATIONAL STANDARD BOOK NUMBER
International Standard Book Number 9788187552671
Terms of availability 650.00
035 ## - SYSTEM CONTROL NUMBER
System control number EN-118713
037 ## - SOURCE OF ACQUISITION
Source of stock number/acquisition DBAD/PUB
082 ## - DEWEY DECIMAL CLASSIFICATION NUMBER
Classification number 025.4
100 ## - MAIN ENTRY--PERSONAL NAME
Personal name Phadke, Dattatray Narayan.
245 ## - TITLE STATEMENT
Title Library Information Technology/
Statement of responsibility, etc by Dattatray Narayan Phadke
260 ## - PUBLICATION, DISTRIBUTION, ETC. (IMPRINT)
Place of publication, distribution, etc Pune
Name of publisher, distributor, etc Universal Prakashan
Date of publication, distribution, etc 2018
270 ## - ADDRESS
Address 27, Budhwar Peth,
City Pune
Postal code 411030
Telephone number 020-24450976
Fax number 24451780
Electronic mail address universalboolstall5@gmail.com
300 ## - PHYSICAL DESCRIPTION
Extent xxxv,618p.
Dimensions 24cm.(pbk)
500 ## - GENERAL NOTE
General note Useful as a Guide in Library Computerisation and Automation.<br/>LIS students find it very useful for SET/NET Exam.
942 ## - ADDED ENTRY ELEMENTS (KOHA)
Item type English Books
Classification part 025.4
Source of classification or shelving scheme Dewey Decimal Classification
Call number suffix PHA
Holdings
Withdrawn status Lost status Not for loan Collection code Home library Current library Date acquired Source of acquisition Cost, normal purchase price Full call number Barcode Copy number Cost, replacement price Koha item type
    Not For Loan Non-fiction D.B.Act.Division D.B.Act.Division 22/09/2022 DBAD/PUB 650.00 025.4 PHA EN-118713 1 650.00 English Books

© Delhi Public Library
Hit Counter
free hit counter